Ma liberté de penser/ F. Pagny - Mort subite - Statistiques

Statistiques générales
  • Ce quiz a été pris 444 fois
  • Le résultat moyen est 5 sur 12
Answers on the Grid
Answers color-coded by a green-red scale on the quiz's grid according to % correct below.
Télé
Brosse à dents
Revolver
Voiture
Canapé
Micro-ondes
Frigidaire
Lit
Disques d'or
Cuillères
Gosses
Femme
Enfants
Mère
Frigo
Sofa
Four
Assiettes
Chaises
Tables
Ordinateur
Téléphone
Vélo
Scooter
Armoire
Buffet
Fauteuil
Vêtements
Peigne
Rideaux
 
Statistiques - réponses
Réponse % Correct
Frigidaire
53%
Télé
53%
Brosse à dents
46%
Canapé
46%
Femme
44%
Gosses
44%
Disques d'or
41%
Micro-ondes
41%
Revolver
41%
Voiture
40%
Cuillères
32%
Lit
30%
Aucun quiz correspondant
Distribution des résultats
% des personnes avec chaque résultat
Percentile par nombre de réponses
Votre historique - résultats
Vous n’avez pas pris ce quiz